El fin de las certidumbres
Uloženo v:
| Hlavní autor: | |
|---|---|
| Médium: | Kniha |
| Jazyk: | španělština |
| Vydáno: |
Santiago
Andrés Bello
1996
|
| Vydání: | 1a. ed |
| Témata: | |
| Tagy: |
Přidat tag
Žádné tagy, Buďte první, kdo vytvoří štítek k tomuto záznamu!
|
MARC
| LEADER | 00000nam a2200000 a 4500 | ||
|---|---|---|---|
| 001 | UCG1061 | ||
| 003 | CL-VaPUC | ||
| 008 | 100422e19960000CL |||||||||||||||||spa|d | ||
| 020 | |a 9561314304 | ||
| 082 | 0 | 4 | |a 500.2 |b PRI |2 21 |
| 100 | 0 | |a Prigogine, Ilya |e author |9 476656 | |
| 245 | 1 | 3 | |a El fin de las certidumbres |
| 250 | |a 1a. ed | ||
| 300 | |a 222 p | ||
| 942 | |c BK | ||
| 945 | |d 20100422 00:00:00 |a rbrito | ||
| 260 | |a Santiago |b Andrés Bello |c 1996 | ||
| 650 | 0 | |a Ciencias |9 327866 | |
| 650 | 0 | |a Racionalidad |9 323325 | |
| 650 | 0 | |a Teoría de probabilidades |9 336944 | |
| 650 | 7 | |a CAOS |2 CL-VaPUC |9 356172 | |
| 650 | 7 | |a LEYES DE NEWTON |2 CL-VaPUC |9 354936 | |
| 650 | 0 | |a Teoría cuántica |9 266148 | |
| 583 | |a last modification |c 20100422 00:00:00 |k Rodrigo Vera | ||
| 999 | |c 340515 |d 340513 | ||
| 952 | |0 0 |1 0 |4 0 |6 500_200000000000000_PRI_1996 |7 0 |8 A |9 435314 |a BIBGIM |b BIBGIM |d 2019-11-22 |i 466258K |o 500.2 PRI 1996 |p 466258K |r 2025-01-15 |w 2019-11-22 |y BK |k GIM | ||